[Event "Chigorin Memorial 28th"]
[Site "St Petersburg"]
[Date "2021.10.29"]
[Round "7"]
[White "Kramarenko, Ekaterina"]
[Black "Osipenko, Ivan"]
[Result "1-0"]
[WhiteElo "1488"]
[BlackElo "1753"]
[PlyCount "120"]
[EventDate "2021.10.23"]
[EventType "swiss"]
[EventRounds "9"]
[EventCountry "RUS"]
[SourceTitle "EXT 2023"]
[Source "ChessBase"]
[SourceDate "2022.10.05"]
[SourceVersion "1"]
[SourceVersionDate "2022.10.05"]
[SourceQuality "1"]

1. e4 e6 2. d4 d5 3. e5 c5 4. c3 Nc6 5. Nf3 Nge7 6. Bd3 cxd4 7. cxd4 Nf5 8. Bxf5 exf5 9. 0-0 Be7 10. Nc3 Be6 11. Bd2 g5 12. Nb5 g4 13. Ne1 a6 14. Nd6+ Bxd6 15. exd6 Qxd6 16. Nd3 Ne7 17. Bf4 Qb6 18. Be5 Rg8 19. Nf4 Ng6 20. Nxg6 hxg6 21. Qd2 Qd8 22. Rfe1 f6 23. Bg3 Kf7 24. Qb4 Qd7 25. Bd6 Rgd8 26. Bc5 f4 27. Qd2 g5 28. Rac1 Rh8 29. Qd3 Bf5 30. Qb3 Be4 31. Rxe4 Rae8 32. Rxe8 Rxe8 33. h3 f3 34. hxg4 fxg2 35. Qh3 Kg8 36. Qh5 Qe6 37. Qg6+ Kh8 38. Rc3 Qe1+ 39. Kxg2 Qe4+ 40. Qxe4 Rxe4 41. Kf3 Kg7 42. Re3 Rf4+ 43. Kg3 Kg6 44. f3 f5 45. Bd6 Rxd4 46. Re6+ Kf7 47. Re7+ Kg6 48. gxf5+ Kxf5 49. Rxb7 g4 50. Rb4 Rd1 51. fxg4+ Ke6 52. Bc5 a5 53. Rd4 Rb1 54. Rd2 Rc1 55. Bd4 a4 56. g5 Kf5 57. Rf2+ Ke4 58. Rf4+ Kd3 59. g6 Rc6 60. g7 Rg6+ 1-0

[Event "Chigorin Memorial 28th"]
[Site "St Petersburg"]
[Date "2021.10.28"]
[Round "6"]
[White "Osipenko, Ivan"]
[Black "Klepikov, Nikita"]
[Result "0-1"]
[WhiteElo "1753"]
[BlackElo "2199"]
[PlyCount "62"]
[EventDate "2021.10.23"]
[EventType "swiss"]
[EventRounds "9"]
[EventCountry "RUS"]
[SourceTitle "EXT 2023"]
[Source "ChessBase"]
[SourceDate "2022.10.05"]
[SourceVersion "1"]
[SourceVersionDate "2022.10.05"]
[SourceQuality "1"]

1. d4 Nf6 2. Nf3 d6 3. Bg5 Ne4 4. Bh4 c5 5. Nbd2 Nxd2 6. Qxd2 cxd4 7. Nxd4 g6 8. e4 Bg7 9. c3 0-0 10. Bc4 Nd7 11. 0-0 a6 12. a4 Qc7 13. Bb3 Nc5 14. Bc2 Re8 15. f3 Bd7 16. Ne2 b5 17. a5 Nb7 18. Nf4 e6 19. Rfd1 g5 20. Nd5 exd5 21. Qxg5 Re5 22. Qg3 Kh8 23. f4 Qc5+ 24. Kh1 Rxe4 25. Qg5 h6 26. Qh5 Rxf4 27. Rxd5 Qc4 28. Bd3 Rxh4 29. Bxc4 Rxh5 30. Rxh5 bxc4 31. Rd1 Bg4 0-1

[Event "Chigorin Memorial 28th"]
[Site "St Petersburg"]
[Date "2021.10.26"]
[Round "4"]
[White "Karmanova, Olga Dm"]
[Black "Osipenko, Ivan"]
[Result "1-0"]
[WhiteElo "2001"]
[BlackElo "1753"]
[PlyCount "57"]
[EventDate "2021.10.23"]
[EventType "swiss"]
[EventRounds "9"]
[EventCountry "RUS"]
[SourceTitle "EXT 2023"]
[Source "ChessBase"]
[SourceDate "2022.10.05"]
[SourceVersion "1"]
[SourceVersionDate "2022.10.05"]
[SourceQuality "1"]

1. d4 Nf6 2. c4 c5 3. d5 b5 4. cxb5 a6 5. bxa6 g6 6. Nc3 Bg7 7. e4 Qa5 8. Bd2 d6 9. a4 Nxa6 10. Bb5+ Bd7 11. Nf3 0-0 12. 0-0 Nc7 13. e5 dxe5 14. Ne4 Qb6 15. Nxf6+ Bxf6 16. Bxd7 e4 17. Ng5 Qxb2 18. Bc6 Rad8 19. Bf4 Qxa1 20. Qxa1 Bxa1 21. Bxc7 Rc8 22. Bb6 Bd4 23. a5 Rb8 24. Nxe4 e6 25. d6 f5 26. Ng5 e5 27. d7 h6 28. Ne6 Rf6 29. Bd5 1-0